书目信息 |
| 题名: |
图书馆资源建设与管理研究
|
|
| 作者: | 项薇 , 梁谷嘉 著 | |
| 分册: | ||
| 出版信息: | 贵阳 贵州人民出版社 2024.07 |
|
| 页数: | 169页 | |
| 开本: | 26cm | |
| 丛书名: | ||
| 单 册: | ||
| 中图分类: | G253 , G251 | |
| 科图分类: | ||
| 主题词: | 图书馆工作--文献资源建设--研究 , 图书馆管理--研究 | |
| 电子资源: | ||
| ISBN: | 978-7-221-17809-1 | |
| 000 | 01215nam0 2200265 450 | |
| 001 | 013252825 | |
| 005 | 20251022190716.46 | |
| 010 | @a978-7-221-17809-1@dCNY68.00 | |
| 100 | @a20241118d2024 em y0chiy0120 ea | |
| 101 | 0 | @achi |
| 102 | @aCN@b520000 | |
| 105 | @ay z 000yy | |
| 106 | @ar | |
| 200 | 1 | @a图书馆资源建设与管理研究@9tu shu guan zi yuan jian she yu guan li yan jiu@f项薇,梁谷嘉著 |
| 210 | @a贵阳@c贵州人民出版社@d2024.07 | |
| 215 | @a169页@d26cm | |
| 330 | @a本书是关于图书馆资源建设与管理工作方面的著作,通过对图书馆的“建设”与“管理”介绍,深入分析和探讨了图书馆管理与服务过程中存在的问题、解决对策以及如何做好其管理与服务工作、创新和发展等若干思考。主要包括图书馆基础资源建设——藏书建设、图书馆信息资源建设、图书馆特色资源建设,并将现代管理中的人力资源管理、财力资源管理、知识管理、危机管理、服务管理和全面质量管理等理论与方法纳入图书馆管理的内容。本书结构合理,条理清晰,内容丰富新颖,是一本值得学习研究的著作。 | |
| 606 | 0 | @a图书馆工作@x文献资源建设@x研究 |
| 606 | 0 | @a图书馆管理@x研究 |
| 690 | @aG253@v5 | |
| 690 | @aG251@v5 | |
| 701 | 0 | @a项薇@9xiang wei@4著 |
| 701 | 0 | @a梁谷嘉@9liang gu jia@4著 |
| 801 | 0 | @aCN@c20250909 |
| 905 | @a河南城建学院图书馆@dG253@eX286@ZX286@f1 | |
| 图书馆资源建设与管理研究/项薇,梁谷嘉著.-贵阳:贵州人民出版社,2024.07 |
| 169页;26cm |
| ISBN 978-7-221-17809-1:CNY68.00 |
| 本书是关于图书馆资源建设与管理工作方面的著作,通过对图书馆的“建设”与“管理”介绍,深入分析和探讨了图书馆管理与服务过程中存在的问题、解决对策以及如何做好其管理与服务工作、创新和发展等若干思考。主要包括图书馆基础资源建设——藏书建设、图书馆信息资源建设、图书馆特色资源建设,并将现代管理中的人力资源管理、财力资源管理、知识管理、危机管理、服务管理和全面质量管理等理论与方法纳入图书馆管理的内容。本书结构合理,条理清晰,内容丰富新颖,是一本值得学习研究的著作。 |
| ● |
| 相关链接 |
|
|
|
正题名:图书馆资源建设与管理研究
索取号:G253/X286
 
预约/预借
| 序号 | 登录号 | 条形码 | 馆藏地/架位号 | 状态 | 备注 |
| 1 | 1633373 | 216333732 | 社科库409/409社科库 59排5列2层/ [索取号:G253/X286] | 在馆 |